| 000 | 00839cam a22002657i 4500 | ||
|---|---|---|---|
| 001 | a4764269 | ||
| 003 | CO-ViMGA | ||
| 005 | 20230915224412.0 | ||
| 008 | 100601s2009 sp a | |||| 000 c spa | ||
| 020 | _a9788498851014 | ||
| 040 |
_aCO-ViMGA _bspa _cCO-ViMGA |
||
| 041 | 1 | _heng | |
| 082 |
_a741.5 _bM45e |
||
| 100 | 1 |
_aMillar, Mark _d1969- _98819 |
|
| 245 | 1 | 0 |
_aEntre los muertos / _h[Texto impreso] _cMillar, Dodson, Cho ; [traducción, Santiago García] |
| 260 |
_aTorroella de Montgrí, Girona _bPanini España ; _ccop. 2009. |
||
| 300 |
_a[144] p. _bprincipalmente il. col. _c26 cm. |
||
| 490 | 0 | _aMarvel deluxe | |
| 490 | 0 | _aSpiderman. Marvel knights | |
| 650 | 1 | 4 |
_a Tiras comicas, historietas, etc. _92479 |
| 650 | 1 | 4 |
_aComics _9284 |
| 700 | 1 |
_aCho, Frank _d1971- _99163 |
|
| 700 | 1 |
_aDodson, Terry _99162 |
|
| 942 |
_2ddc _cBK |
||
| 999 |
_c11761 _d11761 |
||